| 000 | 00779nam a2200217 i 4500 | ||
|---|---|---|---|
| 001 | 107457 | ||
| 003 | ES-MaACL | ||
| 005 | 20230906184427.0 | ||
| 007 | t| | ||
| 008 | 061121s1978 fr |||| | fre d | ||
| 100 | 1 |
_aMorant, Henry de. _983139 |
|
| 245 | 1 | 0 |
_aHistoire des arts décoratifs des origines áa nos jours / _c[par] Henry de Morant, suivie de le desingn et les tendances actuelles / par Gérald Gassiot-Talabot. |
| 260 |
_aParís : _bHachette, _c1978. |
||
| 300 |
_a574 p. 24 láms. col : _bil ; _c25. |
||
| 490 | 1 | _aBibliothèque des Guides Bleus | |
| 650 | 1 | 4 |
_aArtes decorativas- _vHistoria. _910340 |
| 700 | 1 |
_aGassiot-Talabot, Gérald. _955918 |
|
| 830 | 0 |
_aBibliothèque des Guides Bleus _9232900 |
|
| 852 |
_aES-MaACL _jA-9771 |
||
| 999 |
_c107457 _d107457 |
||